Capitales de l'Egypte antique - Statistiques

Statistiques générales
  • Ce quiz a été pris 46 fois
  • Le résultat moyen est 9 sur 27
Statistiques - réponses
Hint Réponse % Correct
Dynastie ptolémaïque Alexandrie
91%
IIe à VIIIe Memphis
77%
Fin de la XVIIIe dynastie,début XIXe dynastie Memphis
77%
FIn de XXVI dynastie Memphis
77%
XIe dynastie Thèbes
69%
Fin de XIIIe dynastie, XVI et XVII dynasties Thèbes
69%
XVIIe et XVIIIe dynasties Thèbes
69%
Rois-prêtres d'Amon Thèbes
69%
Dynastie concurrente de la XXIIe Thèbes
69%
Dynastie d'Abydos(hypothétique) Abydos
26%
XVIIIe dynastie (règne d'Akhénaton) Akhetaton
26%
Fin XIXe dynastie et XXedynastie Pi-Ramsès
26%
XVe dynastie Avaris
14%
XXIVe dynastie Saïs
14%
Début de XXVIe dynastie SaÏs
14%
XXVIIIe dynastie Saïs
14%
XXIe, XXIIe et peut-être XXIIIe dynasties Tanis
14%
Ier dynastie Thinis
11%
IXe et Xe dynasties Héracléopolis Magna
9%
XXVe dynastie Napata
9%
XXIIIe dynastie (incertain) Léontopolis
6%
XXIXe dynastie Mendès
6%
XIIe et début de XIIIedynasties Itjitaouy
3%
XXVIIe dynastie Persépolis
3%
XXXIe dynastie Persépolis
3%
XXXe dynastie Sebennytos
3%
XIVe dynastie Xoïs
3%
Aucun quiz correspondant
Distribution des résultats
% des personnes avec chaque résultat
Percentile par nombre de réponses
Votre historique - résultats
Vous n’avez pas pris ce quiz